LEADER 01835nam0 22004333i 450 001 SBL0372417 005 20251003044353.0 020 $aIT$b715988 100 $a20081008d1971 ||||0itac50 ba 101 | $aita$cita 102 $ait 181 1$6z01$ai $bxxxe 182 1$6z01$an 183 1$6z01$anc$2RDAcarrier 200 1 $aValore, prezzi e equilibrio generale$fa cura di Giorgio Lunghini 210 $aBologna$cIl mulino$d[1971] 215 $a330 p.$d22 cm 225 | $aProblemi e prospettive$i. Serie di economia 300 $aScritti di vari. 410 0$1001CFI0084745$12001 $aProblemi e prospettive$i. Serie di economia 500 11$aValore, prezzi e equilibrio generale$3TSA1811925$959959 606 $aEconomia$2FIR$3CFIC000524$9E 676 $a330$9ECONOMIA$v23 676 $a330.08$9ECONOMIA$v21 676 $a338.5$9ECONOMIA GENERALE DELLA PRODUZIONE$v21 696 $aEconomia reale$aAttivitą economiche$aAspetti economici 699 $aEconomia$yEconomia reale 699 $aEconomia$zAttivitą economiche 699 $aEconomia$zAspetti economici 702 1$aLunghini$b, Giorgio$3CFIV016609 801 3$aIT$bIT-000000$c20081008 850 $aIT-BN0095 $aIT-SA0252 901 $bNAP 83$cIAN $n$ 901 $bNAP 01$cPOZZO LIB.$nVi sono collocati fondi di economia, periodici di ingegneria e scienze, periodici di economia e statistica e altri fondi comprendenti documenti di economia pervenuti in dono. 912 $aSBL0372417 950 0$aBiblioteca Centralizzata di Ateneo$c1 v.$d 01POZZO LIB.F. PARRAVICINI 537$e 0101 0600166165E VMA 1 v. (Precedente collocazione P. 760)$fB $h20050930$i20231031 977 $a 01$a 83 996 $aValore, prezzi e equilibrio generale$959959 997 $aUNISANNIO LEADER 01145nam0 22002891i 450 001 UON00279523 005 20231205103831.97 010 $a88-498-1446-1 100 $a20060705d2006 |0itac50 ba 101 $aita 102 $aIT 105 $a|||| ||||| 200 1 $aSistemi totalitari e regimi autoritari$eun'analisi storico-comparativa$fJuan J. Linz$eintroduzione di Alessandro Campi 210 $aSoveria Mannelli$cRubbettino$d2006 215 $aLII, 484 p.$d22 cm. 410 1$1001UON00279687$12001 $aSaggi$bRubettino]$v171 606 $aSISTEMI DI GOVERNO$3UONC043840$2FI 606 $aTotalitarismo$3UONC025499$2FI 620 $aIT$dSoveria Mannelli (CZ)$3UONL003308 700 1$aLinz$bJuan J.$3UONV114400$0120889 712 $aRubbettino$3UONV250035$4650 801 $aIT$bSOL$c20251017$gRICA 899 $aSIBA - SISTEMA BIBLIOTECARIO DI ATENEO$2UONSI 912 $aUON00279523 950 $aSIBA - SISTEMA BIBLIOTECARIO DI ATENEO$dSI EUR D A 2863 $eSI SC 41641 5 2863 $sBuono 996 $aSistemi totalitari e regimi autoritari$9245193 997 $aUNIOR